Přeskočit na obsah

История экономики Учебник

В учебнике изложена история развития мирового хозяйства от первобытного строя до настоящего времени. Рассмотрен широкий круг вопросов с учетом оценок и взглядов сложившихся в отечественной и мировой практике; даны оригинальные оценки некоторых мирохозяйственных процессов прошлого что помогает лучше...

Celý popis

Uloženo v:
Podrobná bibliografie
Hlavní autor: Кузнецова О. Д.
Médium: Учебник
Vydání:2
Edice:Высшее образование
On-line přístup:https://znanium.com/catalog/document?id=419237
https://znanium.com/cover/1911/1911136.jpg
Tagy: Přidat tag
Žádné tagy, Buďte první, kdo otaguje tento záznam!
LEADER 03801nam0a2200409 i 4500
001 RU\infra-m\znanium\bibl\1911136
003 https://znanium.com/catalog/document?id=419237
005 20241114000000.0
010 |a 978-5-16-003489-8 
010 |a 978-5-16-104496-4  |b электр. издание 
100 |a 20241114d2022 m y0rusy0150 ca 
101 0 |a rus 
102 |a RU 
200 1 |a История экономики  |e Учебник  |f Российский экономический университет им. Г.В. Плеханова  |g Сочинский государственный университет  |g Российский экономический университет им. Г.В. Плеханова 
205 |a 2  |b испр. и доп. 
210 1 |a Москва  |c ООО "Научно-издательский центр ИНФРА-М"  |d 2023 
215 |a 416 с. 
225 1 |a Высшее образование 
330 |a В учебнике изложена история развития мирового хозяйства от первобытного строя до настоящего времени. Рассмотрен широкий круг вопросов с учетом оценок и взглядов сложившихся в отечественной и мировой практике; даны оригинальные оценки некоторых мирохозяйственных процессов прошлого что помогает лучше понять современные экономические явления. Во втором издании учебника представлены новые данные материалы статистические выкладки. Предназначен для студентов и аспирантов экономических факультетов и вузов научных сотрудников. 
333 |a ВО - Бакалавриат 
606 |a Экономика. Бухгалтерский учет. Финансы  |x История экономики и экономических учений  |2 local 
608 |a Учебник  |2 local 
675 |a 330.342(075.8)  |z rus 
686 |a 65.02я73  |2 rubbk 
686 |a 38.03.01  |2 okso 
686 |a 38.04.01  |2 okso 
686 |a 38.05.01  |2 okso 
700 1 |a Кузнецова  |b О. Д.  |g Ольга Дмитриевна  |p Российский экономический университет им. Г.В. Плеханова 
701 1 |a Шапкин  |b И.Н.  |g Игорь Николаевич  |p Финансовый университет при Правительстве Российской Федерации 
701 1 |a Квасов  |b А.С.  |g Александр Сергеевич  |p Сочинский государственный университет 
701 1 |a Лисовская  |b Е.Г.  |g Екатерина Геннадьевна  |p Российский экономический университет им. Г.В. Плеханова 
701 1 |a Пермякова  |b Л.И.  |g Лариса Ивановна  |p Российский экономический университет им. Г.В. Плеханова 
712 0 2 |a Сочинский государственный университет 
712 0 2 |a Российский экономический университет им. Г.В. Плеханова 
801 0 |a RU  |b Общество с ограниченной ответственностью «ЗНАНИУМ»  |c 20220923  |2 rusmarc 
856 4 |a znanium.com  |m ebs_support@infra-m.ru  |n НИЦ ИНФРА-М  |u https://znanium.com/catalog/document?id=419237 
856 4 1 |a znanium.com  |d /cover/1911  |f 1911136.jpg  |q image/jpeg  |u https://znanium.com/cover/1911/1911136.jpg